000 02375nam0a2200409 4500
001 RU\NLR\BIBL_A\012865431
005 20221019164517.0
010 _a978-5-4465-3575-0
_9300
021 _aRU
_bКН-П-22-033717
_9КН-П-22-2882
035 _a(NLR Aleph) 012865431
035 _a(RuMoRGB)011082768
090 _a12472616
_c12472616
100 _a20220812d2022 u y0rusy50 ca
101 0 _arus
102 _aRU
105 _aach z 000zy
181 0 _ai3
_baxxe
182 0 _an
200 1 _aНаш великий Наставник геше Дугда
_eо жизни и деятельности геше-лхарамбе Тензин Дугде
_fКалмыцкий буддийский центр "Тилопа"
_gсоставители и члены редколлегии: Н. Бакараева [и др.]
203 _aТекст
_bвизуальный
_cнепосредственный
210 _aЭлиста
_c[б. и.]
_aМосква
_cБуки Веди
_d2022
215 _a287, [1] с.
_cцв. ил., портр., факс.
_d22
330 _aКнига рассказывает о жизни и деятельности одного из выдающихся буддийских учителей, геше-лхарамбе Тензин Дугде, внесшим огромный вклад в возрождение и развитие буддизма в Калмыкии в современный период. Издание иллюстрировано и адресовано широкому кругу читателей, всем, кто интересуется историей буддизма Калмыкии
600 0 _aТензин Дугда
_f1938 - 2012
_92529670
_3RU\NLR\AUTH\6601712398
606 1 _aБуддизм
_yКалмыкия
_z20 - 21 вв.
_92526827
_3RU\NLR\AUTH\6601711055
686 2 _aЭ35-36-028
686 2 _aЭ35-39(2Р-6Ка)7
702 0 _4280
_7ca
_8rus
_aТензин Дугда
_f1938-2012
_9247710
_3RU\NLR\AUTH\770247766
702 1 _aБакараева
_bН.
_4220
712 0 2 _4570
_a"Тилопа", калмыцкий буддийский центр
_cЭлиста
_9809715
_3RU\NLR\AUTH\880571711
942 _cBOOK
980 _aNB